Catálogo

ANUARIO DE INVESTIGACION DE LA COMUNICACION CONEICC VIII (Registro nro. 53698)

Detalles MARC
000 -LEADER
fixed length control field 01135nam a2200193 a 4500
001 - CONTROL NUMBER
control field 53698
005 - DATE AND TIME OF LATEST TRANSACTION
control field 20180714044106.0
008 - FIXED-LENGTH DATA ELEMENTS--GENERAL INFORMATION
fixed length control field 140415s2001 mx 000 0 spa d
020 ## - INTERNATIONAL STANDARD BOOK NUMBER
International Standard Book Number 9687846208
041 ## - LANGUAGE CODE
Language code of text/sound track or separate title spa
082 ## - DEWEY DECIMAL CLASSIFICATION NUMBER
Classification number 324.73
Item number ANU
245 00 - TITLE STATEMENT
Title ANUARIO DE INVESTIGACION DE LA COMUNICACION CONEICC VIII
250 ## - EDITION STATEMENT
Edition statement 1a ed.
260 ## - PUBLICATION, DISTRIBUTION, ETC.
Place of publication, distribution, etc. MEXICO :
Name of publisher, distributor, etc. CONEICC,
Date of publication, distribution, etc. 2001
300 ## - PHYSICAL DESCRIPTION
Extent 250
Dimensions 16.1 x 1.6 x 22.5
520 ## - SUMMARY, ETC.
Summary, etc. CON ESTA EDICION NUMERO OCHO, EL ANUARIO DE INVESTIGCION DE LA COMUNICACION DEL CONSEJO NACIONAL PARA LA ENSEÑANZA Y LA INVESTIGACION DE LAS CIENCIAS DE LA COMUNICACION (CONEICC), MANTIENE SU PROPOSITO ORIGIAL DE MOSTRAR, EN FORMA PERIODICA, EL QUEHACER INVESTIGATIVO QUE SE DESARROLLA EN NUESTRO AMBITO DISCIPLINARIO EN MEXICO. SI EN LOS NUMEROS ANTERIORES QUEDA REGISTRDA CON CLARIDAD LA ORIENTACION TEMATICA Y METODOLOGICA QUE ANIMA A LA PRODUCCION ACADEMICA EN NUESTRA AREA Y EN NUESTRA
650 14 - SUBJECT ADDED ENTRY--TOPICAL TERM
Topical term or geographic name entry element ELECCIONES
General subdivision OBSERVACION
-- ELECCIONES
-- PARTICIPACION
-- ELECCIONES
-- PROPAGANDA
-- PRONOSTICOS DE ELECCIONES
700 1# - ADDED ENTRY--PERSONAL NAME
Personal name CERDAN, JOSE LUIS (Ed.) -ACEVES GONZALEZ, FRANCISCO (Ed.)
Relator term coaut.
Existencias
Withdrawn status Lost status Source of classification or shelving scheme Damaged status Not for loan Collection code Home library Current library Shelving location Date acquired Source of acquisition Inventory number Total Checkouts Full call number Barcode Date last seen Date last checked out Price effective from Koha item type
    Dewey Decimal Classification     General Biblioteca Karol Wojtyla Biblioteca Karol Wojtyla Sala general 03/12/2013 Compra 151000000000000000054970   324.73 ANU 79916 05/01/2026 24/08/2016 03/12/2013 Libro